| 000 | 00898nam a22002417a 4500 | ||
|---|---|---|---|
| 001 | 3316 | ||
| 003 | FISKH | ||
| 005 | 20240227103535.0 | ||
| 008 | 240227b cb ||||| |||| 00| 0 eng d | ||
| 040 |
_aFISK _beng _cFISK _dFISK |
||
| 050 | _aPZ7.C6837 | ||
| 082 | _a813.6 | ||
| 100 |
_aCollins Suzanne : _d1962 |
||
| 245 |
_aGregor and the Curse of the Warmbloods / _cSuzanne Collins |
||
| 260 |
_aLondon : _bSuzanne Collins _c2005 |
||
| 300 |
_a280 pages : _b21 cm |
||
| 490 |
_3The underland chronicles _aBook 3 |
||
| 501 | _aN | ||
| 520 | _aEleven-year-old Gregor and his younger sister, Boots, return to the Underworld beneath New York City to find the cure for a terrible plague that threatens the life of their mother, as well as the lives of the people, bats, and rats who populate the underworld. | ||
| 521 | 8 |
_a710 _bN |
|
| 700 | _aSuzanne Collins | ||
| 942 |
_2ddc _cBK _n0 |
||
| 999 |
_c3316 _d3316 |
||